000 00320nam a2200121Ia 4500
008 180117s9999 xx 000 0 und d
100 _aby Terence Repelente
245 _aYes, Children Can get Diabetes too
260 _c2017
300 _a6-8 pages, 2017 July 23
440 _aPhilippine Panorama
650 _aDIABETES
999 _c353364
_d353364